| 000 | 00985cam a2200289 4500 | ||
|---|---|---|---|
| 001 | 2670673 | ||
| 003 | GBCCL | ||
| 005 | 20241126110421.0 | ||
| 008 | 740415s1974 caua b 000 0 eng | ||
| 010 | _a 73088317 | ||
| 020 | _a0830702555 | ||
| 040 |
_aDLC _cDLC _dDLC |
||
| 043 | _an-us--- | ||
| 050 | 0 | 0 |
_aHQ734 _b.W948 |
| 082 | 0 | 0 |
_a248.844 _221 _bWRI |
| 100 | 1 |
_aWright, H. Norman. _9714 |
|
| 245 | 1 | 0 |
_aCommunication: key to your marriage; _bpractical, Biblical ways to improve communication and enrich your marriage _c[by] H. Norman Wright. Edited by Fritz Ridenour. |
| 260 |
_aGlendale, Calif., _bG/L Regal Books _c[1974] |
||
| 300 |
_a194 p. _billus. _c20 cm. |
||
| 350 | _a$1.95 | ||
| 504 | _aBibliography: p. 191-194. | ||
| 650 | 0 |
_aCommunication in marriage _zUnited States. _94435 |
|
| 650 | 0 |
_aInterpersonal relations. _9937 |
|
| 650 | 0 |
_aMarriage _xReligious aspects _xChristianity. _9295 |
|
| 906 |
_a7 _bcbc _corignew _d2 _eopcn _f19 _gy-gencatlg |
||
| 942 |
_2ddc _cBK _021 |
||
| 999 |
_c2167 _d2167 |
||